000 00358nam a22001217a 4500
999 _c10288
_d10288
003 OSt
008 201212b ||||| |||| 00| 0 eng d
245 _aIndian Journal of Industrial Relations
250 _a2007(Jul Vol.43 No.1, Oct Vol.43 No.2, Apr Vol.42 No.4)
260 _aNew Delhi
_bShri Ram Centre
650 _aMechanical Engineering
942 _2ddc
_cBV